Historia, Geografía y Ciencias Sociales 3º Básico: texto del estudiante

Saved in:
書目詳細資料
Main Authors: Latorre Chávez, Sylvia (Author), Palacios Oñate, Angélica (Author), Rodríguez Terrazas, Ignacio (Author)
格式: 圖書
語言:西班牙语
出版: Santiago Ediciones SM 2018
版:1a. ed
主題:
標簽: 添加標簽
沒有標簽, 成為第一個標記此記錄!

MARC

LEADER 00000cam a2200000 a 4500
001 UCC4987
003 CL-VaPUC
008 180907e20180000cl |||||||||||||||||spa|d
020 |a 9789563632989 
082 0 4 |a 372.89  |b LAT  |2 21 
100 0 |a Latorre Chávez, Sylvia  |e author  |9 599305 
700 0 |a Palacios Oñate, Angélica  |e author  |9 599306 
700 0 |a Rodríguez Terrazas, Ignacio  |e author  |9 599307 
245 1 0 |a Historia, Geografía y Ciencias Sociales 3º Básico: texto del estudiante 
250 |a 1a. ed 
300 |a 223 p 
942 |c BK 
945 |d 20180907 13:03:00  |a dcastane 
260 |a Santiago  |b Ediciones SM  |c 2018 
650 0 |a Enseñanza de la geografía  |9 310005 
650 0 |a Enseñanza de la historia   |9 307330 
650 0 |a Enseñanza de las ciencias sociales  |9 337823 
650 0 |a Educación básica   |9 224933 
583 |a last modification  |c 20190405 12:49:30  |k Rodrigo Vera 
999 |c 372367  |d 372365 
952 |0 0  |1 0  |3 erb  |4 0  |6 372_890000000000000_LAT_2018  |7 0  |8 A  |9 489989  |a BIBEDU  |b BIBEDU  |i 5499704  |o 372.89 LAT 2018  |p 5499704  |r 2019-11-24  |w 2019-11-24  |y BK  |z Catalogado en:20180907  |k EPE 
952 |0 0  |1 0  |3 erb  |4 0  |6 372_890000000000000_LAT_2018  |7 0  |8 A  |9 489990  |a BIBEDU  |b BIBEDU  |i 5541743  |o 372.89 LAT 2018  |p 5541743  |r 2019-11-24  |w 2019-11-24  |y BK  |z Catalogado en:20190409  |k EPE